000 02479 a2200253 4500
001 13823
005 20260407155444.0
008 260407a1997 arg spa d
003 AR-UNSa-BCEJYS
040 _aAR-UNSa-BCEJYS
_bspa
_cAR-UNSa-BCEJYS
080 _a342.9
_xDerecho Administrativo
245 1 0 _aManual de derecho administrativo
020 _a950-21-1232-6
250 _a6a. ed.
264 1 _aBuenos Aires :
_bPlus Ultra
_c1997
300 _a589 p.
_c22 cm.
505 _a1. De los servicios públicos 2. Del usuario del servicio público - 3. Concesión de servicios públicos - 4. Del deber público de prestación de los administrados - 5. La función pública civil. El funcionario público - 6. Del ingreso a la función pública - 7. De los deberes de los funcionarios públicos - 8. Del régimen disciplinario de los funcionarios públicos - 9. Derechos de los funcionarios públicos - 10. Extinción de la relación personal - 11. De los funcionarios de hecho - 12. Policía del Estado - 13. Medios de policía administrativa - 14. De las contravenciones y penas de policía - 15. De la actividad administrativa - 16. Régimen administrativo de la propiedad privada - 17. Restricciones y servidumbres administrativas - 18. De la ocupación temporal - 19. La expropiación por causa de utilidad pública - 20. Requisa y comiso - 21. Bienes del Estado - 22. Concepto de dominio público - 23. El régimen jurídico especial del dominio público - 24. De la creación y extinción del dominio público - 25. Utilización del dominio público - 26. De la delimitación y del alineamiento del dominio público - 27. De los bienes que integran el dominio público - 28. Responsabiblidad Aquiliana del Estado por hechos y actos administrativos - 29. Responsabilidad civil de los funcionarios públicos - 30. Responsabilidad del Estado por actos legislativos y judiciales - 31. Situaciones jurídicas subjetivas - 32. El control de la administración - 33. Procedimiento administrativo - 34. El control administrativo. Los recursos administrativos - 35. De los recursos en particular. El recurso de reconsideración - 36. El recurso jerárquico - 37. Otros recursos - 38. Reclamación administrativa previa
041 _aspa
942 _cBK
590 _aniveau_biblio:m niveau_hierar:0
100 1 _aDiez, Manuel María
700 1 _aHutchinson, Tomás A.
856 4 1 _uhttps://biblioeco.unsa.edu.ar/pmb/images/libros/L85532.jpg
_yImagen de portada
_qimage/jpeg
999 _c550
_d550